000 00514cam a2200205 4500
008 020917n2001 000 0 eng u
020 _a1860814999
035 _a(Sirsi) u119702
050 _a690.2
100 _aRoys, M.
245 _aSafe as houses?
260 _aLondon
_bCRC
_c2001
300 _a8p.
_bill.
_c30cm.
490 _aBRE Digest
_v458
650 _aHEALTH AND SAFETY
_96244
650 _aHOUSING
650 _aHOUSING DESIGN
690 _aBUILT ENVIRONMENT-CONSTRUCTION DESIGN
942 _n0
999 _c102360
_d102360